Evangelio según San Marcos (Record no. 283587)
[ view plain ]
| 000 -CABECERA | |
|---|---|
| Campo de control de longitud fija | 00484nam a22001697u 4500 |
| 008 - CÓDIGOS DE INFORMACIÓN DE LONGITUD FIJA | |
| Campo de control de longitud fija | 130405s1963 xxu||||| |||| 00| 0 spa d |
| 041 ## - CÓDIGO DE LENGUA | |
| Código de lengua del texto/banda sonora o título independiente | spa |
| 001 - NÚMERO DE CONTROL | |
| Campo de control | 672 |
| 100 1# - PUNTO DE ACCESO PRINCIPAL-NOMBRE DE PERSONA | |
| Nombre de persona | Huby, Joseph |
| 9 (RLIN) | 11693 |
| 245 00 - MENCIÓN DE TÍTULO | |
| Título | Evangelio según San Marcos |
| Mención de responsabilidad, etc. | Joseph Huby, Antonio Gil Velasco |
| 260 ## - PUBLICACIÓN, DISTRIBUCIÓN, ETC... (PIE DE IMPRENTA) | |
| Lugar de publicación, distribución, etc. | Madrid: |
| Nombre del editor, distribuidor, etc. | Paulinas, |
| Fecha de publicación, distribución, etc. | 1963 |
| 300 ## - DESCRIPCIÓN FÍSICA | |
| Extensión | XVIII,414 p. |
| Dimensiones | ;18 cm. |
| 490 0# - MENCIÓN DE SERIE | |
| Mención de serie | Verbum Salutis |
| 630 04 - PUNTO DE ACCESO ADICIONAL DE MATERIA-TÍTULO UNIFORME | |
| Título uniforme | Biblia |
| Nombre de parte o sección de la obra | N.T. |
| -- | Apocalipsis |
| 9 (RLIN) | 14182 |
| 700 1# - PUNTO DE ACCESO ADICIONAL-NOMBRE DE PERSONA | |
| Nombre de persona | Gil Velasco, Antonio |
| 9 (RLIN) | 42792 |
| 942 ## - ENTRADA DE ELEMENTOS AGREGADOS (KOHA) | |
| Koha [por defecto] tipo de item | Libros |
| Suprimido | Perdido | Estropeado | No para préstamo | Localización permanente | Localización actual | Localización en estantería | Fecha adquisición | Préstamos totales | Signatura completa | Número de Registro / Código de Barras | Fecha última consulta | Fecha último préstamo | Fecha del precio de reemplazo | Tipo de item de Koha |
|---|---|---|---|---|---|---|---|---|---|---|---|---|---|---|
| San Esteban | San Esteban | Depósito de libros | 21/05/2013 | 1 | 226 Mc. HUB eva | 672 | 15/12/2015 | 04/11/2015 | 21/05/2013 | Libros |
